书目信息 |
| 题名: |
环境绿化设计
|
|
| 作者: | 刘伟平 编著 | |
| 分册: | ||
| 出版信息: | 北京 中国建筑工业出版社 2007.07 |
|
| 页数: | 88页 | |
| 开本: | 26cm | |
| 丛书名: | ||
| 单 册: | ||
| 中图分类: | TU986.2 | |
| 科图分类: | ||
| 主题词: | 绿化--lu hua--环境设计--高等教育--教材 | |
| 电子资源: | ||
| ISBN: | 978-7-112-04839-7 | |
| 000 | 00917nam0 2200253 450 | |
| 001 | 012008285780 | |
| 005 | 20080114091550.78 | |
| 010 | @a978-7-112-04839-7@dCNY15.00 | |
| 100 | @a20080114d2007 km y0chiy0120 ea | |
| 101 | 0 | @achi |
| 102 | @aCN@b110000 | |
| 105 | @aa a 000yy | |
| 106 | @ar | |
| 200 | 1 | @a环境绿化设计@Ahuan jing lu hua she ji@f刘伟平编著@Fliu wei ping bian zhu |
| 210 | @a北京@c中国建筑工业出版社@d2007.07 | |
| 215 | @a88页@c图@d26cm | |
| 300 | @a高职高专规划教材 环境艺术设计专业适用 | |
| 320 | @a有书目 | |
| 330 | @a本书系统介绍了环境绿化的基础理论知识,分别阐述了城市环境绿化设计、中外园林环境绿化风格和流派、园林设计制图、植物造景、绿色空间的利用、室内绿化设计和城市园林式绿化等方面的内容。 | |
| 606 | 0 | @a绿化@Alu hua@x环境设计@x高等教育@j教材 |
| 690 | @aTU986.2@v4 | |
| 701 | 0 | @a刘伟平@Aliu wei ping@4编著 |
| 801 | 0 | @aCN@bQSSK@c20080114 |
| 905 | @b277966-68@dTU986.2@eL684@f3 | |
| 环境绿化设计/刘伟平编著.-北京:中国建筑工业出版社,2007.07 |
| 88页:图;26cm |
| 高职高专规划教材 环境艺术设计专业适用 |
| ISBN 978-7-112-04839-7:CNY15.00 |
| 本书系统介绍了环境绿化的基础理论知识,分别阐述了城市环境绿化设计、中外园林环境绿化风格和流派、园林设计制图、植物造景、绿色空间的利用、室内绿化设计和城市园林式绿化等方面的内容。 |
| ● |
| 相关链接 |
|
|
|
正题名:环境绿化设计
索取号:TU986.2/L684
 
预约/预借
| 序号 | 登录号 | 条形码 | 馆藏地/架位号 | 状态 | 备注 |
| 1 | 277966 | 202779662 | 建筑库201/201建筑库 68排2列4层/ [索取号:TU986.2/L684] | 在馆 | |
| 2 | 277967 | 202779671 | 建筑库201/201建筑库 68排2列4层/ [索取号:TU986.2/L684] | 在馆 | |
| 3 | 277968 | 202779680 | 建筑库201/201建筑库 68排2列4层/ [索取号:TU986.2/L684] | 在馆 |